000 00318nam a22001457a 4500
008 210304b ||||| |||| 00| 0 eng d
020 _a9780155037243
041 _aeng
080 _26th
_a070
082 _a070
100 _a39
101 _aMED
245 _aRporting for the Media
_cBender, J.R
942 _2udc
_cBK
999 _c55745
_d55745